[Event "DVM U10 2018"]
[Site "Magdeburg GER"]
[Date "2018.12.27"]
[Round "2"]
[White "Loos, Tilda"]
[Black "Petzold, Johannes Julius"]
[Result "0-1"]
[Termination "normal"]
[Board "2.2"]
[WhiteElo "1182"]
[BlackElo "1311"]
[WhiteClock "00:28:59"]
[BlackClock "00:14:34"]
[WhiteTeam "VfL 1990 Gera"]
[BlackTeam "Schachzwerge Magdeburg"]
[PlyCount "96"]
[WhiteFideId "34620559"]
[BlackFideId "16289455"]
[EventCountry "GER"]
[EventRounds "7"]
[EventType "team-swiss"]
[EventDate "2018.12.27"]

1. e4 {[%clk 0:59:56]} e5 {[%clk 0:59:49]} 2. Nf3 {[%clk 0:59:51]} Nc6 {[%clk
0:59:37]} 3. Bc4 {[%clk 0:59:46]} Bc5 {[%clk 0:59:25]} 4. c3 {[%clk 0:59:42]}
Nf6 {[%clk 0:59:14]} 5. d4 {[%clk 0:59:37]} exd4 {[%clk 0:59:07]} 6. cxd4
{[%clk 0:59:33]} Bb4+ {[%clk 0:58:58]} 7. Nc3 {[%clk 0:59:26]} Bxc3+ {[%clk
0:58:44]} 8. bxc3 {[%clk 0:59:19]} Nxe4 {[%clk 0:58:24]} 9. O-O {[%clk
0:58:49]} d5 {[%clk 0:58:15]} 10. Bb5 {[%clk 0:58:35]} O-O {[%clk 0:57:40]} 11.
Qd3 {[%clk 0:58:06]} Bf5 {[%clk 0:56:01]} 12. Qe3 {[%clk 0:55:57]} Re8 {[%clk
0:53:23]} 13. Ba3 {[%clk 0:54:59]} Nd6 {[%clk 0:51:47]} 14. Qd2 {[%clk
0:53:18]} Nxb5 {[%clk 0:51:15]} 15. Bc5 {[%clk 0:52:00]} b6 {[%clk 0:49:39]}
16. Bb4 {[%clk 0:51:36]} Nxb4 {[%clk 0:49:14]} 17. cxb4 {[%clk 0:50:36]} Nd6
{[%clk 0:47:40]} 18. Rfe1 {[%clk 0:48:26]} Nc4 {[%clk 0:46:54]} 19. Qc3 {[%clk
0:47:53]} Qf6 {[%clk 0:44:13]} 20. Ne5 {[%clk 0:45:32]} b5 {[%clk 0:39:56]} 21.
a4 {[%clk 0:42:58]} c6 {[%clk 0:37:59]} 22. Nxc4 {[%clk 0:41:28]} bxc4 {[%clk
0:37:14]} 23. b5 {[%clk 0:41:08]} Be4 {[%clk 0:35:47]} 24. f3 {[%clk 0:39:57]}
Bd3 {[%clk 0:35:21]} 25. Rad1 {[%clk 0:37:46]} c5 {[%clk 0:34:24]} 26. Rxe8+
{[%clk 0:34:49]} Rxe8 {[%clk 0:33:58]} 27. Re1 {[%clk 0:34:22]} Rxe1+ {[%clk
0:33:47]} 28. Qxe1 {[%clk 0:34:15]} h6 {[%clk 0:33:41]} 29. dxc5 {[%clk
0:34:08]} Qd8 {[%clk 0:32:57]} 30. c6 {[%clk 0:33:57]} Qb6+ {[%clk 0:32:29]}
31. Kh1 {[%clk 0:33:29]} Bc2 {[%clk 0:29:38]} 32. Qe8+ {[%clk 0:33:09]} Kh7
{[%clk 0:29:20]} 33. Qxf7 {[%clk 0:32:58]} Bg6 {[%clk 0:21:16]} 34. Qe7 {[%clk
0:32:06]} c3 {[%clk 0:19:50]} 35. c7 {[%clk 0:31:40]} Qb7 {[%clk 0:17:56]} 36.
Qd8 {[%clk 0:31:21]} Bf5 {[%clk 0:17:45]} 37. g4 {[%clk 0:31:08]} Bc8 {[%clk
0:17:23]} 38. a5 {[%clk 0:30:57]} c2 {[%clk 0:16:53]} 39. a6 {[%clk 0:30:52]}
c1=Q+ {[%clk 0:16:45]} 40. Kg2 {[%clk 0:30:38]} Qbxc7 {[%clk 0:16:06]} 41. Qxc7
{[%clk 0:30:20]} Qxc7 {[%clk 0:15:58]} 42. h3 {[%clk 0:30:02]} d4 {[%clk
0:15:48]} 43. Kf2 {[%clk 0:29:53]} Qe7 {[%clk 0:15:42]} 44. b6 {[%clk 0:29:32]}
axb6 {[%clk 0:15:23]} 45. a7 {[%clk 0:29:26]} Bb7 {[%clk 0:15:15]} 46. f4
{[%clk 0:29:16]} d3 {[%clk 0:15:10]} 47. f5 {[%clk 0:29:07]} d2 {[%clk
0:15:07]} 48. g5 {[%clk 0:28:59]} Qe1# {[%clk 0:14:34]} 0-1

[Event "DVM U10 2018"]
[Site "Magdeburg GER"]
[Date "2018.12.27"]
[Round "2"]
[White "Naundorf, Nils"]
[Black "Khanbekyan, Nare"]
[Result "0-1"]
[Termination "normal"]
[Board "2.4"]
[WhiteElo "968"]
[BlackElo "1170"]
[WhiteClock "00:41:58"]
[BlackClock "00:45:33"]
[WhiteTeam "VfL 1990 Gera"]
[BlackTeam "Schachzwerge Magdeburg"]
[PlyCount "48"]
[BlackFideId "16270916"]
[EventCountry "GER"]
[EventRounds "7"]
[EventType "team-swiss"]
[EventDate "2018.12.27"]

1. d4 {[%clk 0:59:57]} Nf6 {[%clk 0:59:46]} 2. Nf3 {[%clk 0:59:47]} e6 {[%clk
0:59:36]} 3. c4 {[%clk 0:59:27]} b6 {[%clk 0:59:27]} 4. Nc3 {[%clk 0:59:06]}
Bb4 {[%clk 0:59:12]} 5. Bg5 {[%clk 0:58:49]} Bxc3+ {[%clk 0:58:41]} 6. bxc3
{[%clk 0:58:44]} d5 {[%clk 0:57:50]} 7. cxd5 {[%clk 0:58:24]} Qxd5 {[%clk
0:55:44]} 8. e3 {[%clk 0:57:09]} Ne4 {[%clk 0:54:42]} 9. c4 {[%clk 0:55:37]}
Qa5+ {[%clk 0:54:01]} 10. Ke2 {[%clk 0:53:24]} Nc3+ {[%clk 0:52:49]} 11. Kd3
{[%clk 0:53:02]} Nxd1 {[%clk 0:52:07]} 12. Rxd1 {[%clk 0:52:01]} e5 {[%clk
0:51:25]} 13. dxe5 {[%clk 0:51:00]} Bf5+ {[%clk 0:51:24]} 14. e4 {[%clk
0:50:41]} Qa3+ {[%clk 0:50:48]} 15. Kd4 {[%clk 0:50:20]} O-O {[%clk 0:50:25]}
16. Rd3 {[%clk 0:48:58]} c5+ {[%clk 0:50:24]} 17. Ke3 {[%clk 0:48:30]} Qc1+
{[%clk 0:50:23]} 18. Nd2 {[%clk 0:47:07]} Qe1+ {[%clk 0:50:22]} 19. Kf3 {[%clk
0:46:21]} Nc6 {[%clk 0:49:45]} 20. exf5 {[%clk 0:45:01]} f6 {[%clk 0:49:45]}
21. e6 {[%clk 0:43:57]} fxg5 {[%clk 0:47:49]} 22. Rd6 {[%clk 0:43:14]} Rxf5+
{[%clk 0:46:28]} 23. Kg4 {[%clk 0:42:38]} Rf4+ {[%clk 0:45:36]} 24. Kxg5 {[%clk
0:41:58]} Qe5# {[%clk 0:45:33]} 0-1

[Event "DVM U10 2018"]
[Site "Magdeburg GER"]
[Date "2018.12.28"]
[Round "4"]
[White "von Mettenheim, Johannes"]
[Black "Bongardt, Livius"]
[Result "1/2-1/2"]
[Termination "normal"]
[Board "1.1"]
[WhiteElo "1689"]
[BlackElo "1423"]
[WhiteClock "00:05:58"]
[BlackClock "00:12:55"]
[WhiteTeam "Schachzentrum Bemerode"]
[BlackTeam "TSG Oberschöneweide"]
[PlyCount "128"]
[WhiteFideId "16244818"]
[BlackFideId "16265718"]
[EventCountry "GER"]
[EventRounds "7"]
[EventType "team-swiss"]
[EventDate "2018.12.27"]

1. d4 {[%clk 0:59:59]} Nf6 {[%clk 0:59:51]} 2. c4 {[%clk 0:59:55]} e6 {[%clk
0:59:40]} 3. Nc3 {[%clk 0:59:50]} Bb4 {[%clk 0:59:09]} 4. Qc2 {[%clk 0:59:46]}
c5 {[%clk 0:57:55]} 5. dxc5 {[%clk 0:59:38]} Bxc5 {[%clk 0:57:43]} 6. Bg5
{[%clk 0:59:22]} Bxf2+ {[%clk 0:56:45]} 7. Kxf2 {[%clk 0:59:06]} Ng4+ {[%clk
0:56:38]} 8. Ke1 {[%clk 0:58:34]} Qxg5 {[%clk 0:56:18]} 9. Ne4 {[%clk 0:57:40]}
Qe7 {[%clk 0:54:31]} 10. c5 {[%clk 0:56:16]} O-O {[%clk 0:53:48]} 11. h3 {[%clk
0:55:15]} Nf6 {[%clk 0:53:26]} 12. Nd6 {[%clk 0:54:10]} b6 {[%clk 0:52:05]} 13.
Rd1 {[%clk 0:51:02]} Nd5 {[%clk 0:50:10]} 14. Nf5 {[%clk 0:40:32]} Qxc5 {[%clk
0:44:16]} 15. Qxc5 {[%clk 0:39:25]} bxc5 {[%clk 0:44:15]} 16. Nd6 {[%clk
0:38:51]} Ne3 {[%clk 0:43:39]} 17. Rc1 {[%clk 0:38:32]} Na6 {[%clk 0:43:09]}
18. Kf2 {[%clk 0:37:52]} Nxf1 {[%clk 0:42:14]} 19. Kxf1 {[%clk 0:37:44]} Rb8
{[%clk 0:41:57]} 20. b3 {[%clk 0:37:01]} Rb6 {[%clk 0:41:40]} 21. Nc4 {[%clk
0:36:53]} Rc6 {[%clk 0:41:24]} 22. Ne5 {[%clk 0:36:46]} Rc7 {[%clk 0:41:13]}
23. Ngf3 {[%clk 0:36:19]} d6 {[%clk 0:41:04]} 24. Nc4 {[%clk 0:36:13]} Rd8
{[%clk 0:40:37]} 25. Kf2 {[%clk 0:35:39]} d5 {[%clk 0:40:10]} 26. Rhd1 {[%clk
0:35:35]} Bd7 {[%clk 0:38:41]} 27. Ncd2 {[%clk 0:35:15]} f6 {[%clk 0:38:24]}
28. a3 {[%clk 0:33:26]} e5 {[%clk 0:37:22]} 29. Nf1 {[%clk 0:32:32]} Be6 {[%clk
0:37:04]} 30. b4 {[%clk 0:31:44]} cxb4 {[%clk 0:35:54]} 31. Rxc7 {[%clk
0:31:34]} Nxc7 {[%clk 0:35:48]} 32. axb4 {[%clk 0:31:31]} Rb8 {[%clk 0:35:07]}
33. Ra1 {[%clk 0:30:38]} a6 {[%clk 0:34:50]} 34. Rc1 {[%clk 0:30:14]} Ne8
{[%clk 0:33:32]} 35. Rc6 {[%clk 0:29:20]} Kf7 {[%clk 0:33:21]} 36. Rxa6 {[%clk
0:28:55]} Rxb4 {[%clk 0:33:09]} 37. Ra7+ {[%clk 0:28:27]} Kf8 {[%clk 0:32:57]}
38. Ng3 {[%clk 0:26:45]} Rc4 {[%clk 0:32:25]} 39. Nd2 {[%clk 0:24:43]} Rc7
{[%clk 0:32:11]} 40. Ra6 {[%clk 0:24:38]} Bf7 {[%clk 0:31:50]} 41. Nf5 {[%clk
0:23:51]} g6 {[%clk 0:29:55]} 42. Ne3 {[%clk 0:23:38]} Rd7 {[%clk 0:29:26]} 43.
Ng4 {[%clk 0:21:09]} Kg7 {[%clk 0:28:54]} 44. Nb3 {[%clk 0:20:48]} d4 {[%clk
0:28:09]} 45. Nc5 {[%clk 0:20:05]} Rd6 {[%clk 0:27:43]} 46. Ra3 {[%clk
0:18:43]} h5 {[%clk 0:26:46]} 47. Nh2 {[%clk 0:17:38]} Rc6 {[%clk 0:25:10]} 48.
Ne4 {[%clk 0:16:15]} Bd5 {[%clk 0:24:30]} 49. Nd2 {[%clk 0:15:23]} Rc3 {[%clk
0:23:39]} 50. Ra5 {[%clk 0:13:28]} Bc6 {[%clk 0:22:36]} 51. Nhf3 {[%clk
0:12:01]} Rc2 {[%clk 0:21:54]} 52. Ke1 {[%clk 0:10:12]} Rc1+ {[%clk 0:21:03]}
53. Kf2 {[%clk 0:10:03]} Rc2 {[%clk 0:19:22]} 54. Ke1 {[%clk 0:09:57]} Rb2
{[%clk 0:18:41]} 55. g4 {[%clk 0:09:08]} Bxf3 {[%clk 0:18:22]} 56. Nxf3 {[%clk
0:08:53]} hxg4 {[%clk 0:18:07]} 57. hxg4 {[%clk 0:08:47]} Rb4 {[%clk 0:17:18]}
58. g5 {[%clk 0:08:26]} e4 {[%clk 0:16:11]} 59. Ra7+ {[%clk 0:08:00]} Kf8
{[%clk 0:15:45]} 60. Nh4 {[%clk 0:07:05]} Rb1+ {[%clk 0:14:30]} 61. Kf2 {[%clk
0:06:25]} fxg5 {[%clk 0:13:21]} 62. Nxg6+ {[%clk 0:06:18]} Kg8 {[%clk 0:13:11]}
63. Ne7+ {[%clk 0:06:06]} Kf8 {[%clk 0:13:03]} 64. Ng6+ {[%clk 0:05:58]} Kg8
{[%clk 0:12:55]} 1/2-1/2

[Event "DVM U10 2018"]
[Site "Magdeburg GER"]
[Date "2018.12.28"]
[Round "4"]
[White "Mirnaya, Veronika"]
[Black "Sauer, Tim"]
[Result "0-1"]
[Termination "normal"]
[Board "1.2"]
[WhiteElo "1367"]
[BlackElo "1427"]
[WhiteTeam "TSG Oberschöneweide"]
[BlackTeam "Schachzentrum Bemerode"]
[PlyCount "36"]
[WhiteFideId "16277406"]
[BlackFideId "16265726"]
[EventCountry "GER"]
[EventRounds "7"]
[EventType "team-swiss"]
[EventDate "2018.12.27"]

1. e4 c6 2. d4 d5 3. e5 c5 4. c3 Nc6 5. Nf3 Bg4 6. Be3 cxd4 7. cxd4 e6 8. Nc3
Bb4 9. Be2 Nge7 10. O-O O-O 11. Qc2 Bf5 12. Bd3 Ba5 13. a3 a6 14. Bg5 Qd7 15.
Bxe7 Nxe7 16. Rac1 Rac8 17. Na4 Bxd3 18. Qxd3 Bb6 1/2-1/2

[Event "DVM U10 2018"]
[Site "Magdeburg GER"]
[Date "2018.12.28"]
[Round "4"]
[White "Elgeti, Jonas"]
[Black "Trotzinski, Paul"]
[Result "1-0"]
[Termination "normal"]
[Board "1.3"]
[WhiteElo "1234"]
[BlackElo "1155"]
[WhiteClock "00:09:52"]
[BlackClock "00:00:24"]
[WhiteTeam "Schachzentrum Bemerode"]
[BlackTeam "TSG Oberschöneweide"]
[PlyCount "113"]
[EventCountry "GER"]
[EventRounds "7"]
[EventType "team-swiss"]
[EventDate "2018.12.27"]

1. d4 d5 2. c4 e6 3. Nc3 Bb4 4. Qb3 Bxc3+ 5. Qxc3 Nf6 6. Nf3 Nc6 7. Bf4 Ne4 8.
Qc2 O-O 9. e3 Qe7 {[%clk 0:33:04]} 10. a3 {[%clk 0:56:41]} b6 {[%clk 0:30:33]}
11. Bd3 {[%clk 0:55:18]} Nf6 {[%clk 0:29:36]} 12. Bg5 {[%clk 0:54:54]} h6
{[%clk 0:28:22]} 13. Bh4 {[%clk 0:54:23]} Bb7 {[%clk 0:26:06]} 14. Ne5 {[%clk
0:53:40]} Na5 {[%clk 0:17:26]} 15. Bxf6 {[%clk 0:52:21]} Qxf6 {[%clk 0:16:31]}
16. Nd7 {[%clk 0:52:07]} Qe7 {[%clk 0:15:34]} 17. Nxf8 {[%clk 0:51:55]} Rxf8
{[%clk 0:15:23]} 18. cxd5 {[%clk 0:51:37]} Bxd5 {[%clk 0:14:56]} 19. e4 {[%clk
0:51:14]} Ba8 {[%clk 0:14:28]} 20. Rc1 {[%clk 0:50:40]} Rc8 {[%clk 0:12:50]}
21. Ba6 {[%clk 0:50:21]} Bb7 {[%clk 0:12:20]} 22. Bxb7 {[%clk 0:50:01]} Nxb7
{[%clk 0:12:11]} 23. O-O {[%clk 0:49:50]} Nd6 {[%clk 0:11:55]} 24. e5 {[%clk
0:49:31]} Nf5 {[%clk 0:11:40]} 25. Qd3 {[%clk 0:48:57]} c5 {[%clk 0:10:11]} 26.
dxc5 {[%clk 0:47:30]} Rxc5 {[%clk 0:09:06]} 27. Rxc5 {[%clk 0:45:43]} Qxc5
{[%clk 0:08:52]} 28. Re1 {[%clk 0:44:33]} Nd4 {[%clk 0:06:56]} 29. Rd1 {[%clk
0:43:56]} Nc6 {[%clk 0:06:03]} 30. Qc3 {[%clk 0:43:25]} Qb5 {[%clk 0:05:14]}
31. Re1 {[%clk 0:41:54]} Qd5 {[%clk 0:04:29]} 32. Qf3 {[%clk 0:40:23]} Qc5
{[%clk 0:04:09]} 33. Qe4 {[%clk 0:37:56]} Nd4 {[%clk 0:03:20]} 34. Rd1 {[%clk
0:36:23]} Nf5 {[%clk 0:02:58]} 35. Rd8+ {[%clk 0:35:53]} Kh7 {[%clk 0:02:52]}
36. g4 {[%clk 0:35:26]} Qc1+ {[%clk 0:02:50]} 37. Kg2 {[%clk 0:34:23]} Qg5
{[%clk 0:02:48]} 38. Rf8 {[%clk 0:31:32]} Qg6 {[%clk 0:02:42]} 39. Kg1 {[%clk
0:29:33]} h5 {[%clk 0:02:34]} 40. f3 {[%clk 0:27:06]} a6 {[%clk 0:02:25]} 41.
a4 {[%clk 0:26:36]} b5 {[%clk 0:02:22]} 42. axb5 {[%clk 0:26:31]} axb5 {[%clk
0:02:21]} 43. b4 {[%clk 0:26:06]} h4 {[%clk 0:01:39]} 44. Kf2 {[%clk 0:25:06]}
h3 {[%clk 0:01:14]} 45. gxf5 {[%clk 0:24:27]} Qg2+ {[%clk 0:01:08]} 46. Ke3
{[%clk 0:24:13]} Qg5+ {[%clk 0:01:06]} 47. Kd3 {[%clk 0:22:48]} exf5 {[%clk
0:01:02]} 48. Qe1 {[%clk 0:17:08]} Qe7 {[%clk 0:00:56]} 49. Ra8 {[%clk
0:15:32]} Qd7+ {[%clk 0:00:55]} 50. Ke2 {[%clk 0:14:39]} Qd5 {[%clk 0:00:51]}
51. Qh4+ {[%clk 0:13:50]} Kg6 {[%clk 0:00:43]} 52. Ra6+ {[%clk 0:12:55]} f6
{[%clk 0:00:41]} 53. Qg3+ {[%clk 0:11:22]} Kf7 {[%clk 0:00:37]} 54. e6+ {[%clk
0:10:55]} Kf8 {[%clk 0:00:33]} 55. Qb8+ {[%clk 0:10:09]} Ke7 {[%clk 0:00:28]}
56. Qc7+ {[%clk 0:09:52]} Kf8 {[%clk 0:00:24]} 57. Qf7# 1-0

[Event "DVM U10 2018"]
[Site "Magdeburg GER"]
[Date "2018.12.28"]
[Round "4"]
[White "Praus, Pia-Rosa"]
[Black "Strübel, Tobias"]
[Result "0-1"]
[Termination "normal"]
[Board "1.4"]
[WhiteElo "1150"]
[BlackElo "1317"]
[WhiteClock "00:26:50"]
[BlackClock "00:43:58"]
[WhiteTeam "TSG Oberschöneweide"]
[BlackTeam "Schachzentrum Bemerode"]
[PlyCount "62"]
[WhiteFideId "16271815"]
[BlackFideId "16284860"]
[EventCountry "GER"]
[EventRounds "7"]
[EventType "team-swiss"]
[EventDate "2018.12.27"]

1. d4 {[%clk 0:59:57]} d5 {[%clk 0:59:55]} 2. Bf4 {[%clk 0:59:47]} Nf6 {[%clk
0:59:47]} 3. e3 {[%clk 0:59:36]} Bf5 {[%clk 0:59:37]} 4. Nf3 {[%clk 0:58:52]}
Nc6 {[%clk 0:59:19]} 5. c3 {[%clk 0:58:44]} e6 {[%clk 0:58:53]} 6. Nbd2 {[%clk
0:58:19]} Bd6 {[%clk 0:58:35]} 7. Bxd6 {[%clk 0:58:12]} cxd6 {[%clk 0:58:23]}
8. Bb5 {[%clk 0:57:24]} Qb6 {[%clk 0:57:52]} 9. Qb3 {[%clk 0:55:16]} Qc7 {[%clk
0:57:10]} 10. Be2 {[%clk 0:54:42]} O-O {[%clk 0:56:41]} 11. O-O {[%clk
0:52:35]} e5 {[%clk 0:56:17]} 12. h3 {[%clk 0:50:35]} Rab8 {[%clk 0:55:43]} 13.
Rac1 {[%clk 0:42:41]} b5 {[%clk 0:53:10]} 14. Qd1 {[%clk 0:39:50]} Qe7 {[%clk
0:51:54]} 15. b3 {[%clk 0:39:19]} b4 {[%clk 0:51:18]} 16. c4 {[%clk 0:38:26]}
dxc4 {[%clk 0:50:47]} 17. Bxc4 {[%clk 0:37:39]} d5 {[%clk 0:50:14]} 18. Bxd5
{[%clk 0:34:58]} Nxd5 {[%clk 0:49:57]} 19. Rxc6 {[%clk 0:34:54]} Nc3 {[%clk
0:49:37]} 20. Qa1 {[%clk 0:34:11]} Bd7 {[%clk 0:48:55]} 21. Rc5 {[%clk
0:33:51]} exd4 {[%clk 0:48:28]} 22. Nxd4 {[%clk 0:33:27]} Qxc5 {[%clk 0:48:08]}
23. Rc1 {[%clk 0:32:30]} Qg5 {[%clk 0:47:33]} 24. N2f3 {[%clk 0:31:03]} Qg6
{[%clk 0:47:00]} 25. g4 {[%clk 0:30:47]} Bxg4 {[%clk 0:46:25]} 26. hxg4 {[%clk
0:30:12]} Qxg4+ {[%clk 0:46:09]} 27. Kf1 {[%clk 0:30:00]} Qh3+ {[%clk 0:45:35]}
28. Ke1 {[%clk 0:29:17]} Rbd8 {[%clk 0:44:25]} 29. Kd2 {[%clk 0:27:33]} Qxf3
{[%clk 0:44:11]} 30. Ke1 {[%clk 0:27:15]} Rxd4 {[%clk 0:43:58]} 31. exd4 {[%clk
0:26:50]} Qe2# 0-1

[Event "DVM U10 2018"]
[Site "Magdeburg GER"]
[Date "2018.12.28"]
[Round "4"]
[White "Udelnov, Valentin"]
[Black "Klaska, Philipp Leon"]
[Result "0-1"]
[Termination "normal"]
[Board "2.1"]
[WhiteElo "1395"]
[BlackElo "1398"]
[WhiteClock "00:02:52"]
[BlackClock "00:00:46"]
[WhiteTeam "Schachzwerge Magdeburg"]
[BlackTeam "Düsseldorfer SV"]
[PlyCount "152"]
[WhiteFideId "16265734"]
[BlackFideId "16238044"]
[EventCountry "GER"]
[EventRounds "7"]
[EventType "team-swiss"]
[EventDate "2018.12.27"]

1. e4 {[%clk 0:59:57]} c5 {[%clk 0:59:53]} 2. Nf3 {[%clk 0:59:52]} e6 {[%clk
0:59:49]} 3. d4 {[%clk 0:59:47]} cxd4 {[%clk 0:59:45]} 4. Nxd4 {[%clk 0:59:41]}
a6 {[%clk 0:59:39]} 5. Nc3 {[%clk 0:59:20]} Qc7 {[%clk 0:59:33]} 6. Bd3 {[%clk
0:54:33]} Nf6 {[%clk 0:59:21]} 7. O-O {[%clk 0:52:56]} Be7 {[%clk 0:58:55]} 8.
Re1 {[%clk 0:52:17]} d6 {[%clk 0:58:13]} 9. Bd2 {[%clk 0:49:40]} b5 {[%clk
0:57:26]} 10. f4 {[%clk 0:44:11]} Bb7 {[%clk 0:55:58]} 11. f5 {[%clk 0:42:42]}
e5 {[%clk 0:54:27]} 12. Nf3 {[%clk 0:38:55]} Nbd7 {[%clk 0:50:46]} 13. a3
{[%clk 0:37:02]} Rc8 {[%clk 0:48:53]} 14. Qe2 {[%clk 0:33:25]} Nc5 {[%clk
0:44:41]} 15. Qf2 {[%clk 0:31:40]} Bc6 {[%clk 0:21:27]} 16. Qg3 {[%clk
0:26:23]} Nh5 {[%clk 0:15:09]} 17. Qg4 {[%clk 0:24:12]} g6 {[%clk 0:12:34]} 18.
fxg6 {[%clk 0:20:13]} hxg6 {[%clk 0:11:35]} 19. Ng5 {[%clk 0:18:36]} Qd7 {[%clk
0:07:57]} 20. Qxd7+ {[%clk 0:14:56]} Bxd7 {[%clk 0:07:39]} 21. Be2 {[%clk
0:12:22]} f6 {[%clk 0:06:47]} 22. Bxh5 {[%clk 0:10:47]} Rxh5 {[%clk 0:06:16]}
23. Nf3 {[%clk 0:10:42]} f5 {[%clk 0:05:38]} 24. exf5 {[%clk 0:09:31]} gxf5
{[%clk 0:05:29]} 25. Nd5 {[%clk 0:08:27]} Bc6 {[%clk 0:04:37]} 26. Nxe7 {[%clk
0:07:21]} Kxe7 {[%clk 0:04:35]} 27. b4 {[%clk 0:06:59]} Ne4 {[%clk 0:04:26]}
28. Be3 {[%clk 0:06:39]} f4 {[%clk 0:04:17]} 29. Bf2 {[%clk 0:05:59]} Nxf2
{[%clk 0:04:12]} 30. Kxf2 {[%clk 0:05:53]} Bxf3 {[%clk 0:04:10]} 31. Kxf3
{[%clk 0:05:38]} Rxc2 {[%clk 0:04:08]} 32. Rac1 {[%clk 0:05:18]} Rxc1 {[%clk
0:03:43]} 33. Rxc1 {[%clk 0:05:13]} Kd7 {[%clk 0:03:42]} 34. h3 {[%clk
0:05:05]} Rh8 {[%clk 0:03:34]} 35. Rc2 {[%clk 0:04:49]} Ra8 {[%clk 0:03:30]}
36. Rc1 {[%clk 0:04:41]} a5 {[%clk 0:03:27]} 37. h4 {[%clk 0:04:36]} axb4
{[%clk 0:03:23]} 38. axb4 {[%clk 0:04:34]} Ra3+ {[%clk 0:03:16]} 39. Kg4 {[%clk
0:04:33]} Rg3+ {[%clk 0:03:08]} 40. Kf5 {[%clk 0:04:32]} Rxg2 {[%clk 0:03:01]}
41. h5 {[%clk 0:04:26]} f3 {[%clk 0:02:47]} 42. Rf1 {[%clk 0:04:23]} f2 {[%clk
0:02:44]} 43. h6 {[%clk 0:04:19]} Ke7 {[%clk 0:02:41]} 44. h7 {[%clk 0:04:10]}
Rh2 {[%clk 0:02:39]} 45. Kg6 {[%clk 0:04:06]} e4 {[%clk 0:02:36]} 46. Rxf2
{[%clk 0:04:00]} Rxf2 {[%clk 0:02:28]} 47. h8=Q {[%clk 0:03:57]} e3 {[%clk
0:02:03]} 48. Qg7+ Ke6 {[%clk 0:01:58]} 49. Qg8+ {[%clk 0:03:52]} Ke5 {[%clk
0:01:55]} 50. Qe8+ {[%clk 0:03:50]} Kd4 {[%clk 0:01:52]} 51. Qxb5 {[%clk
0:03:46]} Rg2+ {[%clk 0:01:37]} 52. Kf5 {[%clk 0:03:42]} e2 {[%clk 0:01:31]}
53. Qb6+ {[%clk 0:03:39]} Kd3 {[%clk 0:01:30]} 54. Qxd6+ {[%clk 0:03:37]} Kc3
{[%clk 0:01:23]} 55. Qc6+ Kxb4 {[%clk 0:01:19]} 56. Qd6+ {[%clk 0:03:32]} Kc3
{[%clk 0:01:16]} 57. Qc5+ {[%clk 0:03:30]} Kd2 {[%clk 0:01:14]} 58. Qd4+ {[%clk
0:03:29]} Ke1 {[%clk 0:01:10]} 59. Qh4+ {[%clk 0:03:27]} Kf1 {[%clk 0:01:07]}
60. Qf4+ {[%clk 0:03:25]} Rf2 {[%clk 0:01:06]} 61. Qxf2+ {[%clk 0:03:15]} Kxf2
{[%clk 0:01:04]} 62. Ke4 {[%clk 0:03:14]} e1=Q+ {[%clk 0:01:01]} 63. Kd4 Qe3+
{[%clk 0:00:59]} 64. Kd5 {[%clk 0:03:12]} Kf3 {[%clk 0:00:58]} 65. Kd6 {[%clk
0:03:09]} Kf4 {[%clk 0:00:57]} 66. Kd5 {[%clk 0:03:08]} Qe4+ {[%clk 0:00:56]}
67. Kd6 {[%clk 0:03:07]} Qe5+ {[%clk 0:00:55]} 68. Kc6 {[%clk 0:03:05]} Ke4
{[%clk 0:00:54]} 69. Kd7 {[%clk 0:03:04]} Qf6 70. Kc7 {[%clk 0:03:00]} Qe6
{[%clk 0:00:52]} 71. Kb7 {[%clk 0:02:58]} Qd6 {[%clk 0:00:51]} 72. Ka7 {[%clk
0:02:56]} Qc6 {[%clk 0:00:49]} 73. Kb8 {[%clk 0:02:55]} Qd7 {[%clk 0:00:48]}
74. Ka8 {[%clk 0:02:54]} Kd5 {[%clk 0:00:47]} 75. Kb8 {[%clk 0:02:53]} Kc6
{[%clk 0:00:46]} 76. Ka8 {[%clk 0:02:52]} Qb7# 0-1

[Event "DVM U10 2018"]
[Site "Magdeburg GER"]
[Date "2018.12.28"]
[Round "4"]
[White "Dordevic, Tom"]
[Black "Petzold, Johannes Julius"]
[Result "1-0"]
[Termination "normal"]
[Board "2.2"]
[WhiteElo "1158"]
[BlackElo "1311"]
[WhiteClock "00:46:47"]
[BlackClock "00:30:48"]
[WhiteTeam "Düsseldorfer SV"]
[BlackTeam "Schachzwerge Magdeburg"]
[PlyCount "73"]
[WhiteFideId "16260503"]
[BlackFideId "16289455"]
[EventCountry "GER"]
[EventRounds "7"]
[EventType "team-swiss"]
[EventDate "2018.12.27"]

1. e4 {[%clk 0:59:59]} e5 {[%clk 0:59:56]} 2. Nf3 {[%clk 0:59:55]} Nc6 {[%clk
0:59:49]} 3. Bc4 {[%clk 0:59:37]} Bc5 {[%clk 0:59:41]} 4. c3 {[%clk 0:59:27]}
Nf6 {[%clk 0:59:33]} 5. d4 {[%clk 0:59:18]} exd4 {[%clk 0:59:26]} 6. O-O {[%clk
0:59:13]} Nxe4 {[%clk 0:57:22]} 7. cxd4 {[%clk 0:59:05]} d5 {[%clk 0:56:45]} 8.
dxc5 {[%clk 0:58:58]} dxc4 {[%clk 0:56:34]} 9. Qe2 {[%clk 0:58:49]} Qe7 {[%clk
0:55:34]} 10. Qxc4 {[%clk 0:56:39]} Nxc5 {[%clk 0:53:57]} 11. Bg5 {[%clk
0:56:05]} Be6 {[%clk 0:52:19]} 12. Qb5 {[%clk 0:54:31]} f6 {[%clk 0:51:07]} 13.
Be3 {[%clk 0:54:07]} O-O {[%clk 0:46:20]} 14. Bxc5 {[%clk 0:53:17]} Qf7 {[%clk
0:46:07]} 15. Bxf8 {[%clk 0:53:06]} Rxf8 {[%clk 0:45:54]} 16. Qxb7 {[%clk
0:52:39]} Ne5 {[%clk 0:44:08]} 17. Nxe5 {[%clk 0:52:26]} fxe5 {[%clk 0:44:04]}
18. Nc3 {[%clk 0:52:00]} Qg6 {[%clk 0:43:23]} 19. Nd5 {[%clk 0:51:22]} Qg5
{[%clk 0:42:12]} 20. Nxc7 {[%clk 0:50:40]} Bh3 {[%clk 0:40:54]} 21. Qd5+ {[%clk
0:49:59]} Rf7 {[%clk 0:39:45]} 22. Ne6 {[%clk 0:49:28]} Bxe6 {[%clk 0:39:17]}
23. Qxe6 {[%clk 0:49:22]} h6 {[%clk 0:37:01]} 24. Rac1 {[%clk 0:48:42]} Qh5
{[%clk 0:35:48]} 25. Rc7 {[%clk 0:48:19]} a5 {[%clk 0:33:26]} 26. Rxf7 {[%clk
0:47:54]} Qxf7 {[%clk 0:33:13]} 27. Qxf7+ {[%clk 0:47:50]} Kxf7 {[%clk
0:33:08]} 28. Rd1 {[%clk 0:47:40]} g5 {[%clk 0:32:49]} 29. Rd5 {[%clk 0:47:33]}
Kf6 {[%clk 0:32:38]} 30. Rxa5 {[%clk 0:47:27]} Kf5 {[%clk 0:32:27]} 31. Rc5
{[%clk 0:47:18]} h5 {[%clk 0:32:06]} 32. a4 {[%clk 0:47:14]} h4 {[%clk
0:31:55]} 33. a5 {[%clk 0:47:11]} Kf4 {[%clk 0:31:38]} 34. a6 {[%clk 0:47:04]}
e4 {[%clk 0:31:23]} 35. a7 {[%clk 0:47:00]} g4 {[%clk 0:31:11]} 36. a8=Q {[%clk
0:46:53]} g3 {[%clk 0:30:48]} 37. Qf8+ {[%clk 0:46:47]} 1-0